| 000 -LEADER |
| fixed length control field |
00759nam a22002297a 4500 |
| 005 - DATE AND TIME OF LATEST TRANSACTION |
| control field |
20230503140513.0 |
| 008 - FIXED-LENGTH DATA ELEMENTS--GENERAL INFORMATION |
| fixed length control field |
230503b ||||| |||| 00| 0 eng d |
| 020 ## - INTERNATIONAL STANDARD BOOK NUMBER |
| International Standard Book Number |
9789675815140 |
| 040 ## - CATALOGING SOURCE |
| Transcribing agency |
KH8 |
| 082 ## - DEWEY DECIMAL CLASSIFICATION NUMBER |
| Classification number |
813.6 MAR |
| 100 ## - MAIN ENTRY--PERSONAL NAME |
| Personal name |
Marsoli, Lisa Ann |
| Dates associated with a name |
1958- |
| Relator term |
Author |
| 245 ## - TITLE STATEMENT |
| Title |
Tinker Bell and the great fairy rescue / |
| Statement of responsibility, etc. |
Lisa Ann Marsoli |
| 260 ## - PUBLICATION, DISTRIBUTION, ETC. |
| Place of publication, distribution, etc. |
Petaling Jaya, Selangor, |
| Name of publisher, distributor, etc. |
Voila Sdn Bhd, |
| Date of publication, distribution, etc. |
2010 |
| 300 ## - PHYSICAL DESCRIPTION |
| Extent |
61 unnumbered pages : |
| Other physical details |
colour illustrations ; |
| Dimensions |
26 cm |
| 440 ## - SERIES STATEMENT/ADDED ENTRY--TITLE |
| Title |
Disney's read-aloud storybooks |
| 521 ## - TARGET AUDIENCE NOTE |
| Target audience note |
<br/>Fiction |
| 650 ## - SUBJECT ADDED ENTRY--TOPICAL TERM |
| Topical term or geographic name entry element |
Children stories |
| Form subdivision |
English |
| 650 ## - SUBJECT ADDED ENTRY--TOPICAL TERM |
| Topical term or geographic name entry element |
English fiction |
| 650 ## - SUBJECT ADDED ENTRY--TOPICAL TERM |
| Topical term or geographic name entry element |
Fairies |
| 710 ## - ADDED ENTRY--CORPORATE NAME |
| Corporate name or jurisdiction name as entry element |
Character Building Studio and the Disney Storybook Artists |
| Relator term |
Illustrator |
| 942 ## - ADDED ENTRY ELEMENTS (KOHA) |
| Source of classification or shelving scheme |
|
| Koha item type |
Books - Fiction |